| 000 | 00505nam a2200181Ia 4500 | ||
|---|---|---|---|
| 999 |
_c21167 _d21167 |
||
| 001 | 20841 | ||
| 003 | PK-LaUMT | ||
| 005 | 20221004170742.0 | ||
| 008 | 140408s9999 xx 000 0 und d | ||
| 020 | _a0-8213-0018-0 | ||
| 040 | _cPK-LaUMT | ||
| 082 |
_aW 662.669091724 _bWOR-E |
||
| 245 |
_aEmerging energy and chemical applications of methanol: _bOpportunities for developing countries |
||
| 260 |
_aWashington,USA: _bWorld Bank, _c1982 |
||
| 300 | _a73 p. | ||
| 546 | _aEN | ||
| 942 |
_cWEEDED OUT _2ddc |
||